000 01870nam a22002897a 4500
001 1334
005 20230817153106.0
008 230817b cb ||||| |||| 00| 0 d
020 _a9789996305795
040 _aFISKH
_beng
_cFISKH
_dFISKH
082 _a932
100 _aDefossez, Jean-Marie
245 _aគ្រោះកាចលើរាជនីអេស៊ីប
_cនិពន្ធដោយ Jean-Marie Defossez - គូររូបដោយ​ Bruno Pilorget
250 _aបោះពុម្ពលើកទី៤ ខែកក្កដា ឆ្នាំ ២០២១
260 _aPhnom Penh :
_bSipar,
_c2021.
300 _a44 pages :
_bmap; color illustrations ;
_c25 cm
490 _aខ្ញុំចង់អាន
505 _aP
520 _aមេរីតរស់នៅក្នុងរាជវាំងជាមួយម្ដាយ ដែលជាអ្នកសម្អាងរបស់រាជនីអេស៊ីប។ ថ្ងៃមួយនាងបានស្ដាប់លឺរឿងចម្លែកមួយ គឺ រាជនីនឹងជួបគ្រោះថ្នាក់។ ដូច្នេះ នាងបានយករឿងនោះទៅប្រាប់ម្ដាយរបស់នាងឳ្យប្រាប់រាជនីអេស៊ីប។
520 _aMerith lived in the palace with her mother, the beautician of the Egyptian queen. One day, she heard a strange story: the queen was in danger. So, she took it to her mother and told it to the queen of Egypt.
521 _a650
_bLexile estimate
521 _aP
_bRaz-Plus
650 _aអេស៊ីប
_vរាជនី
_xគ្រោះថ្នាក់
_yការពារ​
650 _aEgypt
_vEmperor
_xDanger
_yPrevent
700 _aPilorget, Bruno
_cillustrator
942 _2ddc
_cBK
_n0
999 _c1334
_d1334